000 00367nam a22001577a 4500
003 SGT
020 _a13:978-0-8400-3238-6
082 _a610.72, A11C
100 _aCLARK, ADLER
245 _aAN INVITATION TO SOCIAL RESEARCH ITS DONE
250 _a4TH
260 _aAUSTRALIA
_bWADSWORTH
_c2011
300 _a516
650 _aCOMMUNITY MEDICINE
942 _2ddc
_cBK
999 _c8449
_d8449